| 000 | 00590nam a2200193 a 4500 | ||
|---|---|---|---|
| 005 | 20140310183528.0 | ||
| 008 | 111109s19uu xx 00 eng d | ||
| 020 | _a978971373910 | ||
| 050 |
_aHF 5548 _b.En61 2010 |
||
| 245 |
_aEntrepreneurial and career development : _bapplying computers in business / _cJemma Development Group. |
||
| 260 |
_as.l : _bJemma Inc, _c2010. |
||
| 300 |
_a188 p. : _bill. ; _c24 cm. |
||
| 440 | _aVisual Guide | ||
| 521 | _aBSBA | ||
| 650 |
_aBusiness _xComputer programs |
||
| 650 |
_aBusiness _xData processing |
||
| 942 |
_cBK _2lcc _kFOR |
||
| 999 |
_c24559 _d24559 |
||